| 000 | 00493nam a2200193Ia 4500 | ||
|---|---|---|---|
| 005 | 20230814110838.0 | ||
| 008 | 131103s9999 xx 000 0 und d | ||
| 040 | _aLoreto College | ||
| 041 | _aEnglish | ||
| 082 |
_a920 _bROM-SCH |
||
| 100 | _aSchmidt,Heinz Werner | ||
| 245 |
_aWith Rommel in the Desert _cHeinz Werner Schmidt |
||
| 260 |
_aLondon _bPanther Books _c1955 |
||
| 300 |
_a238 p. _b illus.,maps |
||
| 650 | _aRommel | ||
| 651 | _aBiography | ||
| 850 | _aLCLIB | ||
| 942 | _cBK | ||
| 999 |
_c13875 _d64354 |
||